La Guinée pour les touristes... - Statistiques

Statistiques générales
  • Ce quiz a été pris 16 fois
  • Le résultat moyen est 9 sur 20
Statistiques - réponses
Question Indice Réponses % Correct
Quelle est la langue officielle ? Français
100%
Quel pays a accordé son indépendance à celui-ci ? France
94%
Le principal aéroport est C Conakry
88%
La religion majoritaire est Islam
88%
Ce pays est plus grand que la France (oui/non) Non
88%
Quel est le climat local ? T Tropical
88%
Quel est le régime du pays ? R République
69%
Quelle est la monnaie ? Franc guinéen
63%
Dans la capitale quel est le décalage horaire avec Paris ? (+ ou - et chiffre) ex - 10 ou + 3,5 - 2
50%
Le suffixe internet est gn
44%
Quelles sont les principaux lieux touristiques ? L Iles de {Los}
31%
M Le voile de la {mariée}
31%
Achats à faire 1/ Instrument de musique Djembé
25%
Achats à faire 4/ Instrument de musique Balafon
19%
Achats à faire 2/ Objet sculpté en... bois
19%
Quelles sont les principaux lieux touristiques ? N Réserve du Mont {Nimba}
19%
Code sur les plaques minéralogiques RG
6%
LS Cascades de {La Samba}
0%
Achats à faire 5/ Cuirs de Dalaba
0%
Achats à faire 3/ Tissu traditionnel en Indigo
0%
Aucun quiz correspondant
Distribution des résultats
% des personnes avec chaque résultat
Percentile par nombre de réponses
Votre historique - résultats
Vous n’avez pas pris ce quiz